[Event "IECG QF.2004.0.00050"]
[Site "IECG email"]
[Date "2004.01.10"]
[Round "2"]
[White "Barraud, Laurent"]
[Black "Rosenvasser, Pablo"]
[Result "1-0"]
[WhiteElo "800"]
[BlackElo "1000"]
[PlyCount "77"]
[EventDate "2004.01.10"]
[EventType "tourn (corr)"]
[EventRounds "6"]
[SourceTitle "Corr 2008"]
[Source "ChessBase"]
[SourceDate "2008.06.24"]
[SourceVersion "1"]
[SourceVersionDate "2008.06.24"]
[SourceQuality "1"]

1. d4 f5 2. c4 Nf6 3. Nf3 g6 4. g3 Bg7 5. Bg2 d6 6. 0-0 0-0 7. Nc3 c6 8. Re1 Na6 9. a3 Qe8 10. e4 fxe4 11. Nxe4 Nxe4 12. Rxe4 Bf5 13. Re3 Qf7 14. Qe2 Rae8 15. Bd2 Nc7 16. Re1 Bf6 17. Bc3 Qg7 18. b4 Bg4 19. Qb2 Qf7 20. Qe2 b5 21. d5 Bxc3 22. Rxc3 cxd5 23. cxb5 e5 24. Qd2 Nxb5 25. Rb3 d4 26. Rd3 Qf6 27. Ng5 Nc3 28. f3 Bd7 29. Ne4 Nxe4 30. fxe4 Bb5 31. Qa2+ Qf7 32. Qxf7+ Rxf7 33. Rf3 Rxf3 34. Bxf3 Rc8 35. a4 Bd7 36. b5 Rc5 37. Be2 Kf8 38. Rb1 Bf5 39. exf5 1-0

[Event "IECG QF.2004.0.00050"]
[Site "IECG email"]
[Date "2004.01.10"]
[Round "1"]
[White "Rosenvasser, Pablo"]
[Black "Barraud, Laurent"]
[Result "0-1"]
[WhiteElo "1000"]
[BlackElo "800"]
[PlyCount "62"]
[EventDate "2004.01.10"]
[EventType "tourn (corr)"]
[EventRounds "6"]
[SourceTitle "Corr 2008"]
[Source "ChessBase"]
[SourceDate "2008.06.24"]
[SourceVersion "1"]
[SourceVersionDate "2008.06.24"]
[SourceQuality "1"]

1. e4 c5 2. Nf3 d6 3. d4 cxd4 4. Nxd4 Nf6 5. Nc3 a6 6. Be3 e5 7. Nb3 Be6 8. Be2 Be7 9. 0-0 0-0 10. f4 exf4 11. Bxf4 Nc6 12. Qe1 Qc7 13. Rd1 Rfd8 14. Qg3 Kh8 15. Kh1 Rac8 16. Rd2 Ne5 17. Nd4 Nc4 18. Nxe6 fxe6 19. Bxc4 Qxc4 20. Qd3 Qb4 21. Nd5 exd5 22. e5 Ne4 23. Re2 dxe5 24. Bxe5 Bf6 25. a3 Qc4 26. Bxf6 Nxf6 27. Qf3 Re8 28. Ref2 Qe4 29. Qb3 b5 30. c3 Ng4 31. Rf4 Qxf4 0-1